| 000 | 02937ncm0a2200421 4500 | ||
|---|---|---|---|
| 001 | RU\NLR\ONIZ\266333 | ||
| 005 | 20260215045214.0 | ||
| 035 | _a(NLR Aleph) 022722240 | ||
| 071 | 2 | 0 | _aГ. М. 4999 И. М. |
| 090 |
_a13550416 _c13550416 |
||
| 100 | _a20220617d1935 u y0rusy50 ca | ||
| 101 | 0 | _arus | |
| 102 | _aRU | ||
| 125 | _az| | ||
| 145 | 0 | _ab | |
| 200 | 1 |
_aНа зеленом лугу _bНоты _e10 легких пьес для фортепиано в 4 руки _eсоч. 99 _fА. Гречанинов |
|
| 203 |
_aМузыка _bзнаковая _bвизуальная _cнепосредственная |
||
| 210 |
_aМосква _cГосударственное музыкальное издательство _d1935 |
||
| 215 |
_a17 с. _cцв. ил. _d35 см |
||
| 313 | _aСистематизация документа проведена по изданию - Методика классифицирования музыкальных произведений (нотных изданий) по таблицам Библиотечно-библиографических классификаций : метод. рекомендации / Гос. б-ка СССР им. В.И. Ленина.- М., 1977. Индексу ББК методических рекомендаций присваивается код ББК для научных библиотек - LBC/SL | ||
| 606 | 1 |
_aФортепианная музыка русская _z19-20 вв. _jНоты _2nlr_sh |
|
| 606 | 1 |
_aДетская музыка для фортепиано _yРоссия _z19-20 вв. _jНоты _2nlr_sh |
|
| 606 | 1 |
_aФортепианная музыка для детей _yРоссия _z19-20 вв. _jНоты _2nlr_sh |
|
| 606 | 1 |
_aМузыкальные произведения для фортепиано в 4 руки _yРоссия _z19-20 вв. _jНоты _jУчебные издания для детских музыкальных учебных заведений _2nlr_sh |
|
| 606 | 1 |
_aПьесы для фортепиано в 4 руки _yРоссия _z19-20 вв. _jНоты _jУчебные издания для детских музыкальных учебных заведений _2nlr_sh |
|
| 606 | 1 |
_aАнсамбли для фортепиано в 4 руки _yРоссия _z19-20 вв. _jНоты _jУчебные издания для детских музыкальных учебных заведений _2nlr_sh |
|
| 686 | 0 | _aЩ952.425.4-058я44(28)6 | |
| 686 | 0 | _aЩ9542.425.4-054(28)6 | |
| 700 | 1 |
_9z02790 _aГречанинов _bА. Т. _f1864 - 1956 _gАлександр Тихонович _4230 _7ca |
|
| 790 | 1 |
_9z02700 _aGrečaninov _bA. T. _f1864-1956 _gAleksandr Tichonovič _4230 _7ba |
|
| 801 | 0 |
_aRU _bNLR _c20220617 _gPSBO |
|
| 801 | 1 |
_aRU _bNLR _c20220617 _2rusmarc |
|
| 801 | 2 |
_aRU _bNLR _c20220617 |
|
| 852 |
_aNLR _gМ _jК-4/5331 _m269843 _t1 |
||
| 942 | _cSCORE | ||
| 980 | _aONIZ | ||
| 980 | _aNB | ||